00800cam a22002531 4500001001300000003000400013005001700017008004100034010001700075035001900092040005700111043001200168050002200180051001800202086001500220100003600235245004600271260004800317300005800365490006700423504002800490650001300518999001500531agr35000394 DLC20260227110954.0780324s1935 dcuab b f000 0 eng c aagr35000394  a(OCoLC)3746166 aU.S. Dept. of Agr. LibrarycNGenoUdNGenoUdISSdDLC an-us-ak00aQL155b.A4 no. 54 aQL737.U5bM870 aI 49.30:541 aMurie, Olaus Johan,d1889-1963.10aAlaska-Yukon caribou.cBy Olaus J. Murie. aWashingtonb[U.S. Govt. Print. Off.]c1935. a93 p.billus. 10 pl. on 6 l., maps (1 double)c23 cm.0 aU.S. Bureau of Biological Survey. North American faunavno. 54 aBibliography: p. 83-90. 0aCaribou. c9668d9668